000 00767nam a22002177a 4500
005 20240530110918.0
008 220221s2009 ua a g b 000 0 ara d
020 _a9789953822839
040 _aEG-CaGPL
_cEG-CaGPL
082 0 4 _221
_a333.82320956\
_bع ث
100 1 _aعاطف سليمان
245 1 2 _aالثروة النفطية ودورها العربى :
_bالدور السياسى والاقتصادى للنفط العربى /
_cعاطف سليمان
250 _aط.1
260 _aبيروت :
_bمركز دراسات الوحدة العربية،
_c2009
300 _a256 ص؛
_c24 سم
650 0 7 _aالعالم العربى
_2qrmak
650 0 7 _aالنفط
_2qrmak
651 _2qrmak
942 _2ddc
_cBK
999 _c66428
_d66428